Παρουσιάσεις με το ελληνικό PowerPoint 2000
Saved in:
| Main Author: | |
|---|---|
| Other Authors: | |
| Format: | Book |
| Language: | Greek |
| Published: |
Αθήνα :
Εκδόσεις Νέων Τεχνολογιών,
c2001.
|
| Subjects: | |
| Tags: |
Add Tag
No Tags, Be the first to tag this record!
|
MARC
| LEADER | 00000cam a2200000 i 4500 | ||
|---|---|---|---|
| 001 | 1/41171 | ||
| 008 | 030923s2001 gr | ||| |||| ||gre|| | ||
| 020 | |a 9608105242 | ||
| 035 | |l 10070943 | ||
| 040 | |a GR-MyUa |b gre |e AACR2 | ||
| 041 | 0 | |a gre | |
| 082 | 7 | |a 006.6869 |2 (22) | |
| 100 | 1 | |a Γεωργοπούλου, Αικατερίνη. | |
| 245 | 1 | 0 | |a Παρουσιάσεις με το ελληνικό PowerPoint 2000 / |c Αικ. Γεωργοπούλου, Κ. Μάλαμας. |
| 260 | |a Αθήνα : |b Εκδόσεις Νέων Τεχνολογιών, |c c2001. | ||
| 300 | |a 223 σ. : |b εικ. ; |c 23 εκ. | ||
| 500 | |a Ενότητα 6, Απαραίτητο για την απόκτηση διπλώματος ECDL. | ||
| 504 | |a Περιλαμβάνει βιβλιογραφικές παραπομπές και ευρετήριο. | ||
| 630 | 0 | 0 | |a Microsoft PowerPoint (Computer file) |
| 630 | 0 | 0 | |a European Computer Driving Licence. |
| 700 | 1 | |a Μάλαμας, Κώστας. | |
| 852 | |a INST |b SAMOS |e 20030923 |h 006.6869 ΓΕΩ |p 005300023882 |q 005300023882 |t BK |y 0 | ||
| 901 | |a BIBL3-2003-3 | ||
| 922 | |a 3ΕΛΗ |b 200308 |c ΚΥΒ/ΤΠΕΣ |d ΠΑΠΑΣΩΤΗΡΙΟΥ | ||
| 950 | |a 133-2003-08-26 | ||
| 970 | |a ΚΟΣΙΕΡΗΣ |b ΧΡΗΣΤΟΣ |z 2003/11/04 | ||